La libertad de establecimiento en la Comunidad Económica Europea : (Record no. 189990)

MARC details
000 -LEADER
campo de control de longitud fija 01024nam a2200217 i 4500
001 - NÚMERO DE CONTROL
campo de control 189990
003 - IDENTIFICADOR DE NÚMERO DE CONTROL
campo de control ES-MaACL
005 - FECHA Y HORA DE LA ÚLTIMA TRANSACCIÓN
campo de control 20230906223618.0
008 - DATOS DE LONGITUD FIJA--INFORMACIÓN GENERAL
campo de control de longitud fija 200304s1973 sp |||| | spa d
080 ## - NÚMERO DE LA CLASIFICACIÓN DECIMAL UNIVERSAL
Número de la Clasificación Decimal Universal 347.176.2:341.232.3(4):061.1(043.2)
100 1# - ENTRADA PRINCIPAL--NOMBRE DE PERSONA
Nombre de persona Abellán Honrubia, Victoria,
9 (RLIN) 18066
245 13 - MENCIÓN DEL TÍTULO
Título La libertad de establecimiento en la Comunidad Económica Europea :
Resto del título su incidencia en el ordenamiento interno francés y español, en el supuesto de ingreso de España /
Mención de responsabilidad, etc. por Victoria Abellán Honrubia.
260 ## - PUBLICACIÓN, DISTRIBUCIÓN, ETC.
Lugar de publicación, distribución, etc. Barcelona :
Nombre del editor, distribuidor, etc. [Universidad, Facultad de Derecho],
Fecha de publicación, distribución, etc. 1973.
300 ## - DESCRIPCIÓN FÍSICA
Extensión 13 p. ;
Dimensiones 24 cm.
502 ## - NOTA DE TESIS
Nota de tesis Tesis-Univ. Barcelona (Extracto)
594 ## - Nota al título y mención de responsabilidad
Nota al título y mención de responsabilidad Precede al tít.: Universidad de Barcelona. Secretariado de Publicaciones. Intercambio Científico y Extensión Universitaria.
650 #4 - PUNTO DE ACCESO ADICIONAL DE MATERIA--TÉRMINO DE MATERIA
Término de materia o nombre geográfico como elemento de entrada Libertad de establecimiento y servicios (Derecho comunitario)
9 (RLIN) 141756
710 2# - ENTRADA AGREGADA--NOMBRE DE ENTIDAD CORPORATIVA
Nombre de entidad corporativa o nombre de jurisdicción como elemento de entrada Universidad de Barcelona.
Unidad subordinada Facultad de Derecho.
9 (RLIN) 7147
852 4# - LOCALIZACIÓN
Ubicación ES-MaACL
Número de control de estantería P-1414-10
Holdings
Estatus retirado Estado de pérdida Estado de daño No para préstamo Biblioteca de origen Biblioteca actual Ubicación en estantería Fecha de adquisición Fuente de adquisición Total de préstamos Signatura topográfica completa Código de barras Visto por última vez Precio de reemplazo Tipo de ítem Koha
        Biblioteca del Ateneo de Madrid Biblioteca del Ateneo de Madrid Depósito 2 23/05/2005     P-1414-10 1201637 23/02/2023 23/02/2023 Libro impreso